000 01032nam a22002297a 4500
999 _c57663
_d57663
003 Ge_BSU
005 20210427121843.0
008 200901s2005 ge ||||| |||| 00| 0 geo d
020 _a9992832037
041 _ageo
080 _a342.9(479.22)(075.8) ლ-82
100 _aლორია, ვ.
_96812
245 _aსაქართველოს ადმინისტრაციული სამართალი /
_cვალერი, ლორია. [რედ. გიორგი გიორგაძე. რეცენზ. ვახტანგ თორდია.]
264 _aთბილისი:
_bმერიდიანი,
_c 2005.
300 _a447 გვ.
_b20 სმ.
501 _aსაძიებელი გვ. 438-441
520 _aრეზიუმე რუს. ენ.
653 _aიურისპრუდენცია
653 _aსამართალი
700 _aგიორგაძე, გიორგი
_eრედაქტორი
_98090
942 _2udc
_cBK